LEADER 00871nam a2200241 i 4500 001 991001829899707536 005 20020503154035.0 008 010315s1919 it ||| | ita 035 $ab10278862-39ule_inst 035 $aEXGIL92182$9ExL 040 $aBiblioteca Interfacoltà$bita 082 0 $a457.1 100 1 $aBaretti, Albertina$0465818 245 10$aAppunti di lessicologia piemontese /$cAlbertina Baretti 260 $aMondovì :$bTipografia vescovile,$c1919 300 $a26 p. ;$c24 cm. 650 4$aDialetti piemontesi - Lessico 907 $a.b10278862$b02-04-14$c27-06-02 912 $a991001829899707536 945 $aLE002 BUsta A 43 17$g1$i2002000764010$lle002$o-$pE0.00$q-$rn$so $t0$u0$v0$w0$x0$y.i10331116$z27-06-02 996 $aAppunti di lessicologia piemontese$9211075 997 $aUNISALENTO 998 $ale002$b01-01-01$cm$da $e-$fita$git $h0$i1 LEADER 04077nam 22007093 450 001 9910866394503321 005 20230911124921.0 024 7 $a10.3726/b19904 035 $a(CKB)5590000001036926 035 $a(MiAaPQ)EBC30685964 035 $a(Au-PeEL)EBL30685964 035 $a(EXLCZ)995590000001036926 100 $a20230911d2022 uy 0 101 0 $aeng 135 $aurcnu|||||||| 181 $ctxt$2rdacontent 182 $cc$2rdamedia 183 $acr$2rdacarrier 200 10$aLachgemeinschaften? $eKomik und Behinderung Im Schnittpunkt Von Aesthetik und Soziologie 205 $a1st ed. 210 1$aFrankfurt a.M. :$cPeter Lang GmbH, Internationaler Verlag der Wissenschaften,$d2022. 210 4$d©2022. 215 $a1 online resource (250 pages) 225 1 $aImages of Disability. Literature, Scenic, Visual, and Virtual Arts / Imágenes de la Diversidad Funcional. Literatura, Artes Escénicas, Visuales y Virtuales Series ;$vv.6 311 $a3-631-88298-X 327 $aIntro -- Cover -- Series Information -- Copyright page -- Inhaltsverzeichnis -- List of Contributors -- I. Theorie -- Einführung: Komik, Lachen und Behinderung (Susanne Hartwig) -- Lachen aus Gründen der Gerechtigkeit? Zum Verhältnis von Komik, Behinderung und moralischem Sollen (Franziska Felder) -- II. Fiktion: Schwankliteratur, Theater und Film -- Un:ethische Blicke - un:ethisches Lachen? Behinderung und Komik in vormodernen deutschen Schwankerzählungen (Sonja Kerth) -- Komik in der Theaterarbeit mit Menschen mit Behinderung - Erfahrungsschritte (Elisabeth Braun) -- Die Komik der Leistung: Über Disability Performance und das Lachen des Publikums (Benjamin Wihstutz) -- Ironie und Erwartung, Humor und Erfahrung: Menschen mit ?geistiger' Behinderung auf der Bühne und im Film (Susanne Hartwig) -- Komische Irritationen mit Behinderung in Sitcoms von und mit Ricky Gervais (Anette Pankratz) -- There's something about disability. Behinderung und Affekt in den Gross-out-Blockbusterkomödien der Farrelly-Brüder (Herbert Schwaab) -- III. Lebenswelt -- ?Es geht nicht, es rollt." - Das ?Lachen über Behinderung' aus der Perspektive körperlich behinderter Menschen (Dieter Kulke) -- ?Das Lachen blieb mir im Halse stecken." Zum Transformationspotenzial in Dschingis Khan und der spezifischen Funktion von Komik (Fabian Riemen) -- Das ,Lächerliche' in Familien mit ,geistig' behinderten Angehörigen. Einige Reflexionen aus einer interaktionistisch professionstheoretischen Perspektive (Cosimo Mangione) -- Billy the Kit (Karlheinz Kleinbach) -- Abbildungsverzeichnis -- Über die Autor:innen -- Series index. 330 $aDer vorliegende Band untersucht komische Darstellungen von Behinderung anhand von Einzelanalysen aus der Sicht der Sozial-, Erziehungs-, Literatur-, Kultur-, Medien-, Theater- und Filmwissenschaften. 410 0$aImages of Disability. Literature, Scenic, Visual, and Virtual Arts / Imágenes de la Diversidad Funcional. Literatura, Artes Escénicas, Visuales y Virtuales Series 606 $aA?sthetik 606 $aBehinderung 606 $aHartwig 606 $aInklusion 606 $aInklusionsdiskussion 606 $aKomik 606 $aKomik und Behinderung 606 $aLachgemeinschaften? 606 $aMenschen mit Behinderung 606 $aPotential des Lachens und der Komik 606 $aSchnittpunkt 606 $aSoziologie 606 $aSusanne 615 4$aA?sthetik 615 4$aBehinderung 615 4$aHartwig 615 4$aInklusion 615 4$aInklusionsdiskussion 615 4$aKomik 615 4$aKomik und Behinderung 615 4$aLachgemeinschaften? 615 4$aMenschen mit Behinderung 615 4$aPotential des Lachens und der Komik 615 4$aSchnittpunkt 615 4$aSoziologie 615 4$aSusanne 700 $aHartwig$b Susanne$01181729 801 0$bMiAaPQ 801 1$bMiAaPQ 801 2$bMiAaPQ 906 $aBOOK 912 $a9910866394503321 996 $aLachgemeinschaften$94173763 997 $aUNINA LEADER 02900nam 2200673Ia 450 001 9910956248303321 005 20251117084526.0 010 $a9783110868395 010 $a3110868393 024 7 $a10.1515/9783110868395 035 $a(CKB)2670000000251489 035 $a(EBL)3042317 035 $a(OCoLC)873018429 035 $a(SSID)ssj0000608899 035 $a(PQKBManifestationID)11396832 035 $a(PQKBTitleCode)TC0000608899 035 $a(PQKBWorkID)10607713 035 $a(PQKB)10344398 035 $a(MiAaPQ)EBC3042317 035 $a(WaSeSS)Ind00012633 035 $a(DE-B1597)54356 035 $a(OCoLC)979748026 035 $a(DE-B1597)9783110868395 035 $a(Au-PeEL)EBL3042317 035 $a(CaPaEBR)ebr10598457 035 $a(Perlego)653637 035 $a(EXLCZ)992670000000251489 100 $a19900122d1989 uy 0 101 0 $aeng 135 $aurnn#---|u||u 181 $ctxt 182 $cc 183 $acr 200 10$aSymbolic values of foreign language use $efrom the Japanese case to a general sociolinguistic perspective /$fby Harald Haarmann 205 $aReprint 2011 210 $aBerlin ;$aNew York $cMouton de Gruyter$d1989 215 $a1 online resource (301 p.) 225 0 $aContributions to the sociology of language ;$v51 300 $aDescription based upon print version of record. 311 0 $a9783110117127 311 0 $a3110117126 320 $aIncludes bibliographical references and indexes. 327 $tFront matter --$tPreface --$t1. Prestige functions of foreign languages in Japanese society - A glance at ethnicity problems --$t2. Verbal strategies and multilingual patterns of language use in the Far Eastern context --$t3. Foreign elements in Japanese TV commercials - A quantitative and qualitative analysis --$t4. Attitudes toward foreign language use among Japanese TV viewers - An inquiry into the fashion of liking English --$t5. The impact of English on lexical modernization in sensitive domains of acculturation --$t6. Semiotic implications of foreign language use as a source of linguistic variation --$t7. Symbolic internationalization and intercultural relations - A world-wide trend in a comparative view --$tBibliography --$tSubject Index --$tIndex of Names --$tBack matter 330 $aNo detailed description available for "Symbolic Values of Foreign Language Use". 410 0$aContributions to the Sociology of Language [CSL] 606 $aSociolinguistics$zJapan 606 $aMultilingualism$zJapan 615 0$aSociolinguistics 615 0$aMultilingualism 676 $a401.9/0952 686 $aES 129$2rvk 700 $aHaarmann$b Harald$0153574 801 0$bMiAaPQ 801 1$bMiAaPQ 801 2$bMiAaPQ 906 $aBOOK 912 $a9910956248303321 996 $aSymbolic values of foreign language use$91177080 997 $aUNINA